Quizzes
Events
Quiz Creation
Community
Videos
Private Events
Remove Ads
Sign In
Join for FREE
Feedback
Dark Mode
Quiz Categories
Sports
Geography
Music
Movies
Television
Just For Fun
Miscellaneous
History
Literature
Language
Science
Gaming
Entertainment
Religion
Holiday
For Kids
Quiz Lab
Recent
Popular Today
Quiz Kudos Today
Editor Picks
Curator Picks
Quizzes by...
Day
Popularity
Type
Ratings
Length
Year
Community
Subscriptions
Recent Discussions
Orange Saloon
Badges
Playlists
Quests
Create
Leaderboards
Showdown
Live 5
Trivia Bingo
Activity
Puzzle Library
Sporcle Events
Private Events
Virtual Trivia
Globe League
Become a Host
Pub Owners
SporcleCon
Opinionation
Our Games
Videos
Blog
Mobile Apps
Partnerships
Remove Ads and Go Orange
Feedback
Sports
Athletes
MLB
NBA
NHL
NFL
Soccer
Sports Teams
WWE
NCAA
Football
Premier League
Basketball
Baseball
Hockey
Golf
Tennis
Cricket
Rugby
Auto Racing
Olympics
World Cup
Sports
Athletes
MLB
NBA
NHL
NFL
Soccer
Sports Teams
WWE
NCAA
Football
Premier League
Basketball
Baseball
Hockey
Golf
Tennis
Cricket
Rugby
Auto Racing
Olympics
World Cup
Random Quiz
Search Sporcle
×
Quiz Lab
Quiz Lab
Sports
Petty
Type in answers that appear in a list
Type in answers that appear in a list
Classic
Best Score? Go Orange.
Richard Petty 7 Championships top 10 Stats
Can you name the drivers that finished in the top 10 during The King's 7 championships?
By
dalejr88a
15m
77 Questions
94 Plays
94 Plays
94 Plays
Comments
Comments
Give Quiz Kudos
Give Quiz Kudos
-
- Ratings
hide this ad
Replay
Link that replays current quiz
Next Quiz
Link to next quiz in quiz playlist
You Got
0%
They Got
Avg Score
61%
Avg Friend Score
Upgrade to see
Score Distribution
Jump to the score distribution portion of the page
Score
0/77
Timer
15:00
0
Plays Today
Year
Driver
% Correct
xxx
1st championship
100%
xxx
2nd championship
100%
xxx
3rd championship
100%
xxx
4th championship
100%
xxx
5th championship
100%
xxx
6th championship
100%
xxx
7th championship
100%
1964
Richard Petty
91.5%
1967
Richard Petty
91.5%
1967
Bobby Allison
91.5%
1971
Richard Petty
91.5%
1971
Bobby Allison
91.5%
1972
Richard Petty
91.5%
1972
Bobby Allison
91.5%
1974
Richard Petty
91.5%
1974
Bobby Allison
91.5%
1975
Richard Petty
91.5%
1979
Richard Petty
91.5%
1979
Bobby Allison
91.5%
1974
Cale Yarborough
89.4%
1975
Cale Yarborough
89.4%
1979
Cale Yarborough
89.4%
1964
David Pearson
86.2%
1967
David Pearson
86.2%
1974
David Pearson
86.2%
1964
Buck Baker
84%
1974
Buddy Baker
84%
1975
Darrell Waltrip
84%
1979
Darrell Waltrip
84%
1964
Ned Jarrett
83%
1979
Dale Earnhardt
83%
1972
Benny Parsons
81.9%
1974
Benny Parsons
81.9%
1975
Benny Parsons
81.9%
1979
Benny Parsons
81.9%
1974
Dave Marcis
59.6%
1975
Dave Marcis
59.6%
1967
James Hylton
52.1%
1971
James Hylton
52.1%
Year
Driver
% Correct
1972
James Hylton
52.1%
1975
James Hylton
52.1%
1979
Ricky Rudd
52.1%
1979
Terry Labonte
52.1%
1975
Richard Childress
46.8%
1979
Richard Childress
46.8%
1964
Larry Thomas
45.7%
1971
Jabe Thomas
45.7%
1964
Marvin Panch
42.6%
1971
Cecil Gordon
41.5%
1972
Cecil Gordon
41.5%
1974
Cecil Gordon
41.5%
1975
Cecil Gordon
41.5%
1971
J.D McDuffie
39.4%
1967
Wendell Scott
38.3%
1964
Jim Paschal
37.2%
1967
Jim Paschal
37.2%
1975
Dick Brooks
36.2%
1967
Dick Hutcherson
33%
1974
Earl Ross
31.9%
1967
Elmo Langley
30.9%
1971
Elmo Langley
30.9%
1972
Elmo Langley
30.9%
1975
Elmo Langley
30.9%
1979
Joe Millikan
29.8%
1967
John Sears
28.7%
1972
John Sears
28.7%
1964
Billy Wade
26.6%
1971
Frank Warren
26.6%
1971
Walter Ballard
25.5%
1972
Walter Ballard
25.5%
1964
Jimmy Pardue
24.5%
1972
Ben Arnold
23.4%
1974
David Sisco
23.4%
1967
Neil Castles
22.3%
1971
Bill Champion
21.3%
1972
Dean Dalton
21.3%
1964
Curtis Crider
16%
Quiz Playlist
Details
Report
Send in Message
Add To Playlist
Classic:
Type in answers that appear in a list
Quiz Source
Last Updated: Feb 16, 2017
Quiz Scoreboard
CHALLENGE
Sign Up to Join the Scoreboard
Show All
Scores
Hide
Comments
May contain spoilers
Recently Published
Movies - When Are They Set?
by FPL_Elf
Movies
5m
Popular People in 1961
by mucciniale
History
6m
1-10 Letter E Words III
by El_Dandy
Language
2m
More to Explore
Quiz From the Vault
Featured Blog Post
Where Did the Easter Bunny Come From?
hide this ad
You Might Also Like...
Tags
NASCAR
NASCAR Championship
Nascar Driver
Petty
Today's Top Quizzes in Sports
Browse Sports
hide this ad
Top Contributed Quizzes in Sports
1
Les meilleurs buteurs des matchs entre le PSG et l’OM
2
Les entraîneurs de l'OM et du PSG au 21e siècle
3
FIFA Club World Cup Champions
4
2022 World Cup Stars
5
Name the Premier League winners with different clubs
6
La finale Lions - Afrique du Sud 2021
7
Criteria MLB: Left Handed Sluggers
8
Players with Multiple 50 Home Run Seasons
9
MLB Players with Two .350 Batting Average Seasons
10
MLB Hall of Famer by Rings
Explore More
Trending Topics
Crossword
Anime
Kpop
NBA
Marvel
Disney
Harry Potter
Pokémon
Puzzle
WWE
Country
The Office
NFL
Soccer
Song
hide this ad
More By:
dalejr88a
Quiz
Plays
Rating
Category
Featured
Created
Pixar Movie Taglines
84,815
4.48
Movies
Dec 2, 2014
Dreamworks Animation by Tagline
39,101
4.16
Movies
Dec 3, 2014
Four Seasons
21,398
2.17
Miscellaneous
Mar 31, 2016
Han Solo Quotes
20,394
4.47
Movies
Dec 2, 2015
Quick Pick: Star Wars Quotes
20,228
4.28
Just For Fun
May 4, 2016
Go to Creator's Profile
Score Distribution
Quiz Creator Spotlight
dalejr88a
Follow
Send a Message
Quizzes Created
-
Created Quiz Play Count
-
More By This Creator
Popular Quizzes Today
1
Find the US States - No Outlines Minefield
2
Find the Countries of Europe - No Outlines Minefield
3
The Countries of the World
4
Popular People in 1961
5
1-10 Letter E Words III
6
US States
7
Find the US States
8
One Thing in Common: World Cities II
More Sports Quizzes
NBA drafted players from UCLA
Editor's Pick
Trending Quizzes
Risky Map Clicking: Least Populous States A-Z
1-10 Letter F Words
1-10 Letter G Words
One Thing in Common: United Kingdom
Risky Map Clicking: Next State Alphabetically
Recently Updated
Leaping Animals
pecheneg
Reality TV Shows (A-Z)
bhenderson79
Rickey Henderson's Hall of Fame Teammates
pecheneg
Champions League XIs: Arsenal
pecheneg
Quick Pick: Celebrities in WWE's Hall of Fame
aduchscher
A-Z Keypad Blitz II
pecheneg
Multiple Oscar Actors
pecheneg
Mystery Phrase Blitz: Oscar 'Best Actors'
pecheneg
F. Scott Fitzgerald Novels
LTH
Pick 3 Villains
ddd62291
Trending Topics
Kpop
Crossword
Disney
Marvel
Anime
NBA
Harry Potter
Country
The Office
Soccer
NFL
Song
WWE
Pokémon
Puzzle
Your Account Isn't Verified!
In order to create a playlist on Sporcle, you need to verify the email address you used during registration. Go to your
Sporcle Settings
to finish the process.
Report this User
Report this user for behavior that violates our
Community Guidelines
.
Details:
Send Report
Go to the Sporcle.com Mobile Site →
Comments